Обзор и сравнение программных аналогов для автоматизации деятельности эвент-агентства; Прогрессивные технологии и экономика в машиностроении

Bibliographic Details
Parent link:Прогрессивные технологии и экономика в машиностроении.— 2021.— [С. 165-167]
Main Author: Усмонов И. Н.
Corporate Author: Национальный исследовательский Томский политехнический университет Юргинский технологический институт
Other Authors: Телипенко Е. В. Елена Викторовна (научный руководитель)
Summary:Заглавие с экрана
В статье представлено описание документооборота и функциональной модели деятельности эвент-агентства. Выявлены функции будущей информационной системы, входная и выходная информация.
The article describes the document flow and functional model of the event agency. The functions of the future information system, input and output information have been identified.
Language:Russian
Published: 2021
Series:Информационные технологии, экономика, управление
Subjects:
Online Access:http://earchive.tpu.ru/handle/11683/65292
Format: Electronic Book Chapter
KOHA link:https://koha.lib.tpu.ru/cgi-bin/koha/opac-detail.pl?biblionumber=632776

MARC

LEADER 00000naa2a2200000 4500
001 632776
005 20231101133728.0
035 |a (RuTPU)RU\TPU\conf\34498 
035 |a RU\TPU\conf\34497 
090 |a 632776 
100 |a 20210427d2021 k y0rusy50 ca 
101 0 |a rus  |d eng 
102 |a RU 
105 |a y z 101zy 
135 |a drcn ---uucaa 
181 0 |a i  
182 0 |a b 
200 1 |a Обзор и сравнение программных аналогов для автоматизации деятельности эвент-агентства  |f И. Н. Усмонов  |g науч. рук. Е. В. Телипенко 
203 |a Текст  |c электронный 
225 1 |a Информационные технологии, экономика, управление 
230 |a 1 компьютерный файл (pdf; 140 Kb) 
300 |a Заглавие с экрана 
320 |a [Библиогр.: с. 167 (2 назв.)] 
330 |a В статье представлено описание документооборота и функциональной модели деятельности эвент-агентства. Выявлены функции будущей информационной системы, входная и выходная информация. 
330 |a The article describes the document flow and functional model of the event agency. The functions of the future information system, input and output information have been identified. 
463 0 |0 (RuTPU)RU\TPU\conf\34439  |t Прогрессивные технологии и экономика в машиностроении  |o сборник трудов XII Всероссийской научно-практической конференции для студентов и учащейся молодежи, 8-10 апреля 2021 г., Юрга  |f Национальный исследовательский Томский политехнический университет (ТПУ), Юргинский технологический институт (ЮТИ) ; под ред. С. А. Солодского  |v [С. 165-167]  |d 2021 
610 1 |a электронный ресурс 
610 1 |a труды учёных ТПУ 
610 1 |a автоматизация 
610 1 |a документооборот 
610 1 |a информационные системы 
610 1 |a отчеты 
610 1 |a услуги 
610 1 |a мероприятия 
610 1 |a document 
610 1 |a report 
610 1 |a service 
610 1 |a event organization 
610 1 |a event agency 
610 1 |a event manager 
700 1 |a Усмонов  |b И. Н. 
702 1 |a Телипенко  |b Е. В.  |c специалист в области информатики и вычислительной техники  |c доцент Томского политехнического университета, кандидат технических наук  |f 1985-  |g Елена Викторовна  |2 stltpush  |4 727 
712 0 2 |a Национальный исследовательский Томский политехнический университет  |b Юргинский технологический институт  |c (2009- )  |h 349  |2 stltpush  |3 (RuTPU)RU\TPU\col\15903 
801 2 |a RU  |b 63413507  |c 20210512  |g RCR 
856 4 |u http://earchive.tpu.ru/handle/11683/65292 
942 |c BK